00593nam a2200205 a 450000100060000000300090000600800410001502000150005604000280007108200170009910000240011624500180014025000060015826000440016430000110020849000640021965000220028365000330030565000490033811214CO-ViMGA141112s2004 ck r 000 u spa d a9800110151 aCO-ViMGAbspacCO-ViMGA04aM 863.6 A17s1 aAbreu, Jose Vicente10aSe llamaba SN a2 aCaracas, cMonte Avila editores, c1998 a297 p. aColección nuestros paises testimonio casa de la América14aNOVELA VENEZOLANA14aPRISIONES VENEZUELA - NOVELA14aTRABAJOS FORZADOS - GUASINA VENEZUELA NOVELA